01259nam a2200301 i 450000500170000000800410001702000180005804000350007608200220011110000270013324501340016024600650029425000230035926400350038230000740041733600270049133700330051833800280055150000210057953400280060065000360062865000440066465000350070870000540074394200120079799900150080995201330082420220317000254.0141031s2007 ckck a 0 gra d s spspa d a9789583025570 aCO-BoRNBPbspaerdacCO-BoRNBP04a646.478bH68d2231 aHouse, Deboraheautora10aDisfraces rápidos para niñosb30 ideas para trajes fantásticos cDeborah House ; traducción Gabriela García de la Torre aDisfraces rápidosbtreinta ideas para trajes fantásticos aPrimera edición  1aBogotá bPanamericana c2007 a144 páginasbilustraciones y fotografías a colorc24 cm.e1 Molde atextobtxt2rdacontent asin mediaciónbn2rdamedia avolumenbnc2rdacarrier aIncluye índice tQuick costumes for kids17aDisfracesxConfección2ARMARC17aDisfracesxCorte y confección2ARMARC17aDisfracesxEnseñanza2ARMARC1 aGarcía de la Torre, Gabrielaetraductora912629 2ddccBK c3579d3579 00102ddc40708GENaMEMAPJGAbMEMAPJGAcGENd2025-11-07l0o646.478 H68dpMPJG00938r2025-11-07 21:25:51tEj.1w2025-11-07yBK